| 000 | 00811cam a2200241 4500 | ||
|---|---|---|---|
| 001 | ABS62483 | ||
| 008 | 000000n2000 000 0 eng u | ||
| 035 | _a(Sirsi) u106761 | ||
| 100 | _aDavey, J. | ||
| 245 | _aLiving on borrowed times | ||
| 260 | _c2000 | ||
| 490 |
_aProperty Week _v65(24) 16 June 2000, 44-46(3) |
||
| 520 | _aAssesses predictions that the cost of borrowing will rise over the next year, due to increased pressure on the big lending banks, including the German banks, to improve their return on capital. | ||
| 590 | _aABS | ||
| 650 | _aBORROWING | ||
| 650 | _aBANKING SECTOR | ||
| 650 | _aMEZZANINE FINANCE | ||
| 650 | _aSECURITISED PROPERTY MARKET | ||
| 650 | _aBANK LOAN | ||
| 650 | _aGERMANY | ||
| 690 | _aMANAGEMENT-BUSINESS MANAGEMENT-FINANCIAL MANAGEMENT | ||
| 942 | _n0 | ||
| 999 |
_c63894 _d63894 |
||